| 000 | 00792nam a22002657i 4500 | ||
|---|---|---|---|
| 003 | DO-SdBNP | ||
| 005 | 20250811130920.0 | ||
| 007 | ta | ||
| 008 | 250811s2023 dr 000 0 spa d | ||
| 020 | _a9789945185669 | ||
| 040 |
_aDO-SdBNP _bspa _cBNPHU _erda |
||
| 041 | _asp | ||
| 082 |
_axxx _bV145n _222 |
||
| 100 | 1 |
_aValdez, Antonio _eautor _943330 |
|
| 245 | 1 | 0 |
_aNotables maestros de la educación fisica en República Dominicana / _cAntonio Valdez |
| 250 | _aPrimera edición | ||
| 264 |
_aSanto Domingo : _bEditora Graphic, _c2023 |
||
| 300 |
_a314 páginas : _bilustraciones ; _c24 cm. |
||
| 336 |
_ardacontent _btexto _2txt |
||
| 337 |
_ardamedia _bsin mediación _2n |
||
| 338 |
_ardacarrier _bvolumen _2nc |
||
| 590 | _aInventariado,2025/DG | ||
| 910 | _aDG | ||
| 942 |
_2ddc _cLBS1 |
||
| 999 |
_c59758 _d59758 |
||